Contribución al estudio epidemiológco de la arterioesclerosis / (Record no. 27859)

MARC details
000 -LEADER
campo de control de longitud fija 00722nam a2200205 i 4500
001 - NÚMERO DE CONTROL
campo de control 27859
003 - IDENTIFICADOR DE NÚMERO DE CONTROL
campo de control ES-MaACL
005 - FECHA Y HORA DE LA ÚLTIMA TRANSACCIÓN
campo de control 20250812081331.0
007 - CAMPO FIJO DE DESCRIPCIÓN FÍSICA--INFORMACIÓN GENERAL
campo de control de longitud fija t|
008 - DATOS DE LONGITUD FIJA--INFORMACIÓN GENERAL
campo de control de longitud fija 030115s1965 sp ||||1| spa d
100 1# - ENTRADA PRINCIPAL--NOMBRE DE PERSONA
Nombre de persona Babio San Salvador, José L.
9 (RLIN) 24422
245 10 - MENCIÓN DEL TÍTULO
Título Contribución al estudio epidemiológco de la arterioesclerosis /
Mención de responsabilidad, etc. José L. Babio San Salvador, Ramiro Bañales Baranda, José A. Figuerido Santurlún.
260 ## - PUBLICACIÓN, DISTRIBUCIÓN, ETC.
Lugar de publicación, distribución, etc. Bilbao :
Nombre del editor, distribuidor, etc. Eléxpuru,
Fecha de publicación, distribución, etc. 1965.
300 ## - DESCRIPCIÓN FÍSICA
Extensión 104 p., 23 lám. ;
Dimensiones 28 cm.
650 #7 - PUNTO DE ACCESO ADICIONAL DE MATERIA--TÉRMINO DE MATERIA
Término de materia o nombre geográfico como elemento de entrada Arteriosclerosis
Fuente del encabezamiento o término embne
9 (RLIN) 144124
700 1# - ENTRADA AGREGADA--NOMBRE PERSONAL
Nombre de persona Bañales Baranda, Ramiro.
9 (RLIN) 25224
700 1# - ENTRADA AGREGADA--NOMBRE PERSONAL
Nombre de persona Figuerido Santurlún, A.
9 (RLIN) 50773
852 ## - LOCALIZACIÓN
Ubicación ES-MaACL
Número de control de estantería C-29536
Sublocalización o colección R.57657
Holdings
Estatus retirado Estado de pérdida Estado de daño No para préstamo Biblioteca de origen Biblioteca actual Ubicación en estantería Fecha de adquisición Fuente de adquisición Total de préstamos Signatura topográfica completa Código de barras Visto por última vez Precio de reemplazo Tipo de ítem Koha
        Biblioteca del Ateneo de Madrid Biblioteca del Ateneo de Madrid Depósito 2 17/01/2008     C-29536 1028765 23/02/2023 23/02/2023 Libro impreso